Statystyki dla Kraje w których funkcjonuje Orlen

Kliknij tutaj aby rozwiązać quiz!

Ogólne statystyki

  • Ten quiz został rozwiązany 125 razy
  • Średni wynik to 5 z 5

Statystyki odpowiedzi

Liczba stacjiKraj% Poprawnych
2885Polska
100%
424Czechy
96%
587Niemcy
96%
22Słowacja
95%
29Litwa
89%

Rozkład punktacji

Percentyl według liczby udzielonych odpowiedzi

Procent ludzi z każdym wynikiem

Twoja historia wyników

Nie rozwiązałeś tego quizu